Eureka! (1) : banda de la casa provincial de caritat de barcelona banda de la casa provincial de caritat de barcelona
Publicado:
Som, núm. 248 (set-oct. 2005), pàg. 20 - 26 :
Descripción Física:
il. ; 28 cm
MARC
| LEADER | 00000nam a2200000Ia 4500 | ||
|---|---|---|---|
| 001 | 23090 | ||
| 008 | 160829s9999 xx 000 0 cat d | ||
| 080 | |a FU-58-30 | ||
| 245 | |a Eureka! (1) : |b banda de la casa provincial de caritat de barcelona | ||
| 260 | |a Som, núm. 248 (set-oct. 2005), pàg. 20 - 26 | ||
| 300 | |a il. ; |c 28 cm | ||
| 590 | |a Secció de la revista: Discografia. | ||
| 590 | |a S'ha utilitzat el fons de l'Arxiu General de la Diputació de Barcelona | ||
| 650 | |a Bandes (Música) |9 43726 | ||
| 650 | |a Casa de Caritat (Barcelona) | ||
| 710 | |a Casa de Caritat (Barcelona, Catalunya) |9 52406 | ||
| 901 | |a Arxiu | ||
| 942 | |n 1 | ||
| 952 | |0 0 |1 0 |4 0 |6 FU5830 |7 1 |9 51595 |a Arxiu |b Arxiu |d 2016-12-01 |l 0 |o FU-58-30 |p 23090 |r 2016-12-01 00:00:00 |w 2016-12-01 |y ARXIU | ||
| 999 | |c 55440 |d 55440 | ||